[Event "Regensburg Donau Cup"]
[Site "Regensburg"]
[Date "2017.05.24"]
[Round "1"]
[White "Plank, Michael"]
[Black "Hessler, Markus"]
[Result "1-0"]
[WhiteElo "2030"]
[BlackElo "1750"]
[PlyCount "51"]
[EventDate "2017.05.24"]
[EventType "swiss"]
[EventRounds "7"]
[EventCountry "GER"]
[SourceTitle "CBM 178 Extra"]
[Source "ChessBase"]
[SourceDate "2017.06.22"]
[SourceVersion "1"]
[SourceVersionDate "2017.06.22"]
[SourceQuality "1"]

1. e4 e6 2. d4 d5 3. Nd2 Nf6 4. e5 Nfd7 5. Bd3 c5 6. c3 Nc6 7. Ngf3 Qb6 8. 0-0 g6 9. Re1 Bg7 10. a3 0-0 11. Qa4 a6 12. Nf1 Qc7 13. b4 c4 14. Bb1 b5 15. Qc2 Nb6 16. Ng3 a5 17. Ra2 axb4 18. axb4 Bb7 19. Bg5 Ne7 20. Rxa8 Bxa8 21. Nh5 Nf5 22. g4 Nh6 23. Nxg7 Kxg7 24. Bf6+ Kg8 25. h3 Nd7 26. Qd2 1-0

[Event "Oberpfalz-ch M2"]
[Site "Windischeschenbach"]
[Date "2017.04.11"]
[Round "7"]
[White "Ott, Ian"]
[Black "Hessler, Markus"]
[Result "0-1"]
[WhiteElo "1830"]
[BlackElo "1779"]
[PlyCount "76"]
[EventDate "2017.04.08"]
[EventType "swiss"]
[EventRounds "8"]
[EventCountry "GER"]
[SourceTitle "EXT 2020"]
[Source "ChessBase"]
[SourceDate "2019.10.17"]
[SourceVersion "1"]
[SourceVersionDate "2019.10.17"]
[SourceQuality "1"]

1. Nf3 g6 2. e4 Bg7 3. d4 d6 4. Nc3 a6 5. Be2 b5 6. a3 Nd7 7. d5 Bb7 8. Nd4 Rc8 9. Be3 c5 10. dxc6 Bxc6 11. Nxc6 Rxc6 12. Bd4 Ngf6 13. 0-0 0-0 14. f4 Qc7 15. Rc1 Rc8 16. Rf2 Rb8 17. Bf3 Rc4 18. Rd2 b4 19. Nd5 Nxd5 20. exd5 bxa3 21. bxa3 Rc8 22. Bxg7 Kxg7 23. Bg4 Qc5+ 24. Kh1 Rc7 25. Bxd7 Rxd7 26. Qf3 Rc3 27. Qe4 Rc7 28. Qd4+ Qxd4 29. Rxd4 Rxa3 30. c4 a5 31. Kg1 Ra2 32. c5 dxc5 33. Rdc4 a4 34. Rxc5 Rxc5 35. Rxc5 a3 36. Rc6 Rb2 37. d6 exd6 38. Rxd6 a2 0-1

[Event "Nittenau-ch 16th"]
[Site "Nittenau"]
[Date "2016.09.18"]
[Round "5"]
[White "Nussbaumer, Johann"]
[Black "Hessler, Markus"]
[Result "1-0"]
[WhiteElo "2041"]
[BlackElo "1779"]
[PlyCount "51"]
[EventDate "2016.09.16"]
[EventType "swiss"]
[EventRounds "5"]
[EventCountry "GER"]
[SourceTitle "EXT 2022"]
[Source "ChessBase"]
[SourceDate "2021.10.06"]
[SourceVersion "1"]
[SourceVersionDate "2021.10.06"]
[SourceQuality "1"]

1. d4 g6 2. c4 Bg7 3. Nc3 d6 4. e4 Nf6 5. f4 0-0 6. Nf3 c5 7. d5 e6 8. dxe6 Bxe6 9. Bd3 Nc6 10. f5 Bc8 11. 0-0 a6 12. Qe1 Nd7 13. Bg5 f6 14. Bf4 Nde5 15. Bxe5 dxe5 16. Rd1 gxf5 17. exf5 Qa5 18. Be4 Nd4 19. Bd5+ Kh8 20. Nh4 Bh6 21. Rd3 Kg7 22. Qe4 Qc7 23. Qg4+ Kh8 24. Rg3 Bd7 25. Qh5 Bf4 26. Ng6+ 1-0

[Event "Nittenau-ch 16th"]
[Site "Nittenau"]
[Date "2016.09.17"]
[Round "2"]
[White "Plank, Michael"]
[Black "Hessler, Markus"]
[Result "1-0"]
[WhiteElo "1943"]
[BlackElo "1779"]
[PlyCount "55"]
[EventDate "2016.09.16"]
[EventType "swiss"]
[EventRounds "5"]
[EventCountry "GER"]
[SourceTitle "EXT 2022"]
[Source "ChessBase"]
[SourceDate "2021.10.06"]
[SourceVersion "1"]
[SourceVersionDate "2021.10.06"]
[SourceQuality "1"]

1. e4 g6 2. Nc3 Bg7 3. f4 d6 4. Nf3 a6 5. a4 b6 6. Bc4 e6 7. 0-0 Ne7 8. Qe1 Bb7 9. d3 Nd7 10. Kh1 Kf8 11. Bd2 h6 12. Nh4 Qe8 13. Qf2 Kg8 14. Rae1 Qf8 15. f5 gxf5 16. exf5 d5 17. fxe6 Nf6 18. Bb3 Re8 19. Qg3 Kh7 20. Qxc7 Ba8 21. exf7 Qxf7 22. Nf5 Qg6 23. Rxe7 Rxe7 24. Qxe7 Rg8 25. Bxh6 Nh5 26. Bxg7 Nxg7 27. Qh4+ Nh5 28. Ng3 1-0

[Event "Oberpfalz-ch M2"]
[Site "Schwandorf"]
[Date "2015.03.30"]
[Round "5"]
[White "Hessler, Markus"]
[Black "Betz, Michael"]
[Result "1/2-1/2"]
[WhiteElo "1716"]
[BlackElo "1792"]
[PlyCount "53"]
[EventDate "2015.03.28"]
[EventType "swiss"]
[EventRounds "8"]
[EventCountry "GER"]
[SourceTitle "EXT 2022"]
[Source "ChessBase"]
[SourceDate "2021.10.06"]
[SourceVersion "1"]
[SourceVersionDate "2021.10.06"]
[SourceQuality "1"]

1. c4 c6 2. g3 Nf6 3. Nf3 d5 4. Bg2 g6 5. b3 Bg7 6. Bb2 0-0 7. 0-0 Bg4 8. d3 Bxf3 9. Bxf3 e6 10. Nd2 Nbd7 11. Qc2 Re8 12. e4 dxe4 13. dxe4 e5 14. Bg2 Qc7 15. Nf3 a5 16. Rfe1 Nh5 17. Rad1 b6 18. a3 Rad8 19. Bh3 f6 20. Bg4 Nf8 21. Bxh5 gxh5 22. Nh4 Ne6 23. Nf5 Bf8 24. Qe2 Qf7 25. b4 axb4 26. axb4 Qg6 27. Bc3 1/2-1/2

[Event "Oberpfalz-ch M2"]
[Site "Schwandorf"]
[Date "2015.03.29"]
[Round "4"]
[White "Baumgaertner, Stephan"]
[Black "Hessler, Markus"]
[Result "1/2-1/2"]
[WhiteElo "1697"]
[BlackElo "1716"]
[PlyCount "23"]
[EventDate "2015.03.28"]
[EventType "swiss"]
[EventRounds "8"]
[EventCountry "GER"]
[SourceTitle "EXT 2022"]
[Source "ChessBase"]
[SourceDate "2021.10.06"]
[SourceVersion "1"]
[SourceVersionDate "2021.10.06"]
[SourceQuality "1"]

1. d4 f5 2. g3 g6 3. Bg2 Nf6 4. Bf4 Bg7 5. Qd2 0-0 6. h4 d6 7. Bf3 h5 8. Nh3 Ng4 9. Bg5 Qe8 10. Bd5+ e6 11. Bb3 d5 12. f3 1/2-1/2

[Event "Nittenau-ch 13th"]
[Site "Nittenau"]
[Date "2013.09.14"]
[Round "3"]
[White "Bruell, Jakob"]
[Black "Hessler, Markus"]
[Result "0-1"]
[WhiteElo "1195"]
[BlackElo "1651"]
[PlyCount "48"]
[EventDate "2013.09.13"]
[EventType "swiss"]
[EventRounds "5"]
[EventCountry "GER"]
[SourceTitle "EXT 2022"]
[Source "ChessBase"]
[SourceDate "2021.10.06"]
[SourceVersion "1"]
[SourceVersionDate "2021.10.06"]
[SourceQuality "1"]

1. e4 e6 2. d4 d5 3. e5 c5 4. c3 Nc6 5. Nf3 Qb6 6. a3 c4 7. g3 Bd7 8. Bh3 Na5 9. Nbd2 Ne7 10. 0-0 Qc7 11. Ng5 h6 12. Qh5 g6 13. Qh4 Bg7 14. Ngf3 Ba4 15. Re1 Bc2 16. Bf1 g5 17. Qg4 0-0-0 18. Re2 Bd3 19. Re1 Bg6 20. Qh3 Rdg8 21. Re3 Bf8 22. Ne1 Nf5 23. Re2 h5 24. Ng2 g4 0-1

[Event "Wittelsbach op 1st"]
[Site "Kelheim"]
[Date "2012.12.26"]
[Round "1"]
[White "Hessler, Markus"]
[Black "Meskovs, Nikita"]
[Result "0-1"]
[WhiteElo "1762"]
[BlackElo "2314"]
[PlyCount "60"]
[EventDate "2012.12.26"]
[EventType "swiss"]
[EventRounds "7"]
[EventCountry "GER"]
[SourceTitle "EXT 2014"]
[Source "ChessBase"]
[SourceDate "2013.11.20"]
[SourceVersion "1"]
[SourceVersionDate "2013.11.20"]
[SourceQuality "1"]

1. e4 c5 2. Nf3 e6 3. d3 Nc6 4. g3 g6 5. Bg2 Bg7 6. 0-0 Nge7 7. Nbd2 d6 8. Re1 0-0 9. c3 b5 10. Nf1 Qb6 11. Bf4 e5 12. Bd2 Bd7 13. h4 h6 14. N3h2 f5 15. Bh3 Qb7 16. Qc1 Kh7 17. Bg2 Rf7 18. f4 Raf8 19. Nf3 c4 20. exf5 Bxf5 21. fxe5 Bxd3 22. exd6 Nd5 23. N1h2 Qd7 24. Ng5+ hxg5 25. Bxd5 Rf2 26. Be3 Rc2 27. Qxc2 Bxc2 28. Bc5 Ne5 29. Re3 Nd3 30. Re7 Qh3 0-1

[Event "Nittenau-ch 11th"]
[Site "Nittenau"]
[Date "2011.09.18"]
[Round "4"]
[White "Kaiser, Dominik"]
[Black "Hessler, Markus"]
[Result "1/2-1/2"]
[WhiteElo "1665"]
[BlackElo "1745"]
[PlyCount "62"]
[EventDate "2011.09.16"]
[EventType "swiss"]
[EventRounds "5"]
[EventCountry "GER"]
[SourceTitle "EXT 2022"]
[Source "ChessBase"]
[SourceDate "2021.10.06"]
[SourceVersion "1"]
[SourceVersionDate "2021.10.06"]
[SourceQuality "1"]

1. e4 e6 2. d4 d5 3. exd5 exd5 4. Bd3 Nc6 5. Nf3 Bd6 6. 0-0 Nge7 7. Re1 0-0 8. c3 Bf5 9. Kh1 Bxd3 10. Qxd3 a6 11. Nbd2 Qd7 12. Ne5 Bxe5 13. dxe5 Ng6 14. Nf3 Rfe8 15. c4 d4 16. Rd1 Ncxe5 17. Nxe5 Rxe5 18. b4 a5 19. Be3 axb4 20. Bxd4 Rea5 21. Qb3 Qa4 22. Qb2 f6 23. Re1 Qa3 24. Qe2 Qa4 25. Qe6+ Kf8 26. Qh3 Kg8 27. Qe6+ Kf8 28. Qh3 Kg8 29. Qe6+ Kh8 30. Qf7 c5 31. Bb2 Rf8 1/2-1/2

[Event "Nittenau-ch 10th"]
[Site "Nittenau"]
[Date "2010.10.04"]
[Round "1"]
[White "Hessler, Markus"]
[Black "Berger, Siegfried"]
[Result "1/2-1/2"]
[WhiteElo "1755"]
[BlackElo "1239"]
[PlyCount "45"]
[EventDate "2010.09.17"]
[EventType "swiss"]
[EventRounds "5"]
[EventCountry "GER"]
[SourceTitle "EXT 2022"]
[Source "ChessBase"]
[SourceDate "2021.10.06"]
[SourceVersion "1"]
[SourceVersionDate "2021.10.06"]
[SourceQuality "1"]

1. e4 d5 2. exd5 Qxd5 3. Nc3 Qa5 4. d4 c6 5. Nf3 Bg4 6. Be2 e6 7. 0-0 Nd7 8. Bd2 Qc7 9. Re1 Ngf6 10. Ne5 Bxe2 11. Qxe2 Nxe5 12. dxe5 Nd5 13. a3 Bc5 14. Qg4 g6 15. b4 Be7 16. Qg3 Nxc3 17. Bxc3 0-0-0 18. Qe3 Qb6 19. Qf4 Rhf8 20. Bd2 g5 21. Qe3 Qxe3 22. Bxe3 b6 23. Rad1 1/2-1/2

[Event "Nittenau-ch 10th"]
[Site "Nittenau"]
[Date "2010.09.19"]
[Round "4"]
[White "Hessler, Markus"]
[Black "Karl, Markus"]
[Result "0-1"]
[WhiteElo "1755"]
[BlackElo "1483"]
[PlyCount "74"]
[EventDate "2010.09.17"]
[EventType "swiss"]
[EventRounds "5"]
[EventCountry "GER"]
[SourceTitle "EXT 2022"]
[Source "ChessBase"]
[SourceDate "2021.10.06"]
[SourceVersion "1"]
[SourceVersionDate "2021.10.06"]
[SourceQuality "1"]

1. e4 c5 2. Nf3 d6 3. Bb5+ Nc6 4. Bxc6+ bxc6 5. h3 Nf6 6. d3 g6 7. Nc3 Bg7 8. Be3 0-0 9. Qd2 Rb8 10. Rb1 Qa5 11. 0-0 Be6 12. a3 Rb7 13. Bh6 Rfb8 14. Bxg7 Kxg7 15. Nd1 Qxd2 16. Nxd2 Nd7 17. f4 f5 18. Nf3 Bg8 19. b3 c4 20. dxc4 Bxc4 21. Re1 Nc5 22. Ne3 fxe4 23. Nd4 Bb5 24. b4 Ba4 25. Rbc1 Nd7 26. c4 c5 27. Ndc2 a6 28. Nd5 e6 29. Nc3 Bxc2 30. Rxc2 cxb4 31. axb4 Rxb4 32. Nxe4 Rb1 33. Kf1 Rxe1+ 34. Kxe1 Rb6 35. Rd2 Nc5 36. Nxd6 Kf6 37. Kf2 Rxd6 0-1

[Event "Oberpfalz-ch M2"]
[Site "Roding"]
[Date "2010.03.30"]
[Round "7"]
[White "Werner, Holger"]
[Black "Hessler, Markus"]
[Result "1/2-1/2"]
[WhiteElo "1871"]
[BlackElo "1702"]
[PlyCount "51"]
[EventDate "2010.03.27"]
[EventType "swiss"]
[EventRounds "8"]
[EventCountry "GER"]
[SourceTitle "EXT 2012"]
[Source "ChessBase"]
[SourceDate "2011.11.24"]
[SourceVersion "1"]
[SourceVersionDate "2011.11.24"]
[SourceQuality "1"]

1. e4 e6 2. d3 c5 3. Nf3 Nc6 4. g3 g6 5. Bg2 Bg7 6. 0-0 Nge7 7. c3 d6 8. Be3 e5 9. d4 cxd4 10. cxd4 0-0 11. d5 Nb4 12. Qb3 Na6 13. Nc3 h6 14. Rac1 f5 15. Nb5 b6 16. Nxa7 Nc5 17. Bxc5 bxc5 18. Nc6 Nxc6 19. dxc6+ Kh7 20. exf5 gxf5 21. Qd5 Qc7 22. Nd2 Re8 23. Nc4 Bf8 24. a3 Be6 25. Qd2 e4 26. b4 1/2-1/2

[Event "Nittenau-ch 09th"]
[Site "Nittenau"]
[Date "2009.09.19"]
[Round "2"]
[White "Maurer, Heinrich"]
[Black "Hessler, Markus"]
[Result "1-0"]
[WhiteElo "2053"]
[BlackElo "1679"]
[PlyCount "87"]
[EventDate "2009.09.18"]
[EventType "swiss"]
[EventRounds "5"]
[EventCountry "GER"]
[SourceTitle "EXT 2022"]
[Source "ChessBase"]
[SourceDate "2021.10.06"]
[SourceVersion "1"]
[SourceVersionDate "2021.10.06"]
[SourceQuality "1"]

1. e4 e6 2. d4 d5 3. Nc3 Nf6 4. Bg5 Bb4 5. e5 h6 6. Be3 Ne4 7. Nge2 c5 8. a3 Bxc3+ 9. bxc3 cxd4 10. cxd4 Ng5 11. Ng3 Nc6 12. f4 Ne4 13. Nxe4 dxe4 14. Be2 0-0 15. 0-0 f5 16. c4 Ne7 17. Qb3 Kh8 18. Rad1 Qb6 19. Qc3 Qc7 20. Qb3 Qb6 21. Qxb6 axb6 22. d5 Rxa3 23. Bxb6 Ra2 24. Rfe1 Bd7 25. g3 g6 26. Bc5 Re8 27. Rb1 b5 28. Bxe7 Rxe7 29. d6 Re8 30. cxb5 g5 31. Ra1 Rb2 32. Rab1 Rd2 33. Kf2 gxf4 34. gxf4 Rb8 35. Ke3 Rd5 36. Red1 Rxd1 37. Rxd1 Rb7 38. Rb1 Kg7 39. Kd4 Kf8 40. b6 Ke8 41. Kc5 Ba4 42. Ra1 Bb3 43. Bb5+ Kf7 44. Bc6 1-0

[Event "Nittenau-ch 8th"]
[Site "Nittenau"]
[Date "2008.11.16"]
[Round "4"]
[White "Hessler, Markus"]
[Black "Weiss, Bernhard"]
[Result "1/2-1/2"]
[WhiteElo "1731"]
[BlackElo "1186"]
[PlyCount "80"]
[EventDate "2008.11.14"]
[EventType "swiss"]
[EventRounds "5"]
[EventCountry "GER"]
[SourceTitle "EXT 2010"]
[Source "ChessBase"]
[SourceDate "2010.11.25"]
[SourceVersion "1"]
[SourceVersionDate "2010.11.25"]
[SourceQuality "1"]

1. e4 e6 2. d4 d5 3. Nc3 Bb4 4. e5 Bxc3+ 5. bxc3 Ne7 6. h4 Nf5 7. Bg5 f6 8. exf6 gxf6 9. Qh5+ Ke7 10. Bc1 Qe8 11. Qd1 c5 12. Ba3 b6 13. dxc5 bxc5 14. Bxc5+ Kd8 15. c4 Qc6 16. Bb4 a5 17. Bc3 Ke7 18. Be2 Rd8 19. Qc1 d4 20. Bb2 Ba6 21. Qd2 Bb7 22. Bf3 Qc7 23. Ba3+ Kd7 24. Bxb7 Qxb7 25. Nf3 Qe4+ 26. Kf1 e5 27. Re1 Qc6 28. Qd3 Qe6 29. g4 Nd6 30. Qxh7+ Kc8 31. Bxd6 Rxd6 32. Qd3 Nc6 33. a3 Qxg4 34. h5 Kc7 35. h6 Rh8 36. Rh4 Qg8 37. Ke2 Rd7 38. Qf5 Qxc4+ 39. Qd3 Qe6 40. Qg6 Qc4+ 1/2-1/2

[Event "Nittenau-ch 8th"]
[Site "Nittenau"]
[Date "2008.11.16"]
[Round "5"]
[White "Klimpel, Siegfried"]
[Black "Hessler, Markus"]
[Result "0-1"]
[WhiteElo "1667"]
[BlackElo "1731"]
[PlyCount "62"]
[EventDate "2008.11.14"]
[EventType "swiss"]
[EventRounds "5"]
[EventCountry "GER"]
[SourceTitle "EXT 2010"]
[Source "ChessBase"]
[SourceDate "2010.11.25"]
[SourceVersion "1"]
[SourceVersionDate "2010.11.25"]
[SourceQuality "1"]

1. e4 e6 2. d4 d5 3. e5 c5 4. c3 Nc6 5. Nf3 Qb6 6. Be2 Bd7 7. 0-0 Nh6 8. a3 cxd4 9. cxd4 Nf5 10. Be3 Qxb2 11. Nbd2 Qb6 12. Nb3 Be7 13. Bd3 Nh4 14. Nxh4 Bxh4 15. Nc5 Qc7 16. Qg4 Be7 17. Rfc1 g6 18. Rab1 b6 19. Na6 Qd8 20. Rc3 0-0 21. Bh6 Re8 22. Rbc1 Rc8 23. Bb5 Nxe5 24. Rxc8 Nxg4 25. Rxd8 Rxd8 26. Bxd7 Nxh6 27. Rc7 Bxa3 28. Rxa7 Nf5 29. Rb7 Nxd4 30. Nb8 Bd6 31. Na6 Ra8 0-1

[Event "Nittenau-ch 8th"]
[Site "Nittenau"]
[Date "2008.11.14"]
[Round "1"]
[White "Giessmann, Stephan"]
[Black "Hessler, Markus"]
[Result "1-0"]
[WhiteElo "2185"]
[BlackElo "1731"]
[PlyCount "63"]
[EventDate "2008.11.14"]
[EventType "swiss"]
[EventRounds "5"]
[EventCountry "GER"]
[SourceTitle "EXT 2010"]
[Source "ChessBase"]
[SourceDate "2010.11.25"]
[SourceVersion "1"]
[SourceVersionDate "2010.11.25"]
[SourceQuality "1"]

1. d4 d5 2. c4 Nc6 3. e3 e5 4. cxd5 Qxd5 5. Nc3 Bb4 6. Bd2 Bxc3 7. Bxc3 Nge7 8. dxe5 Be6 9. Nf3 Qxd1+ 10. Rxd1 Bxa2 11. e4 Rd8 12. Rxd8+ Kxd8 13. Be2 h6 14. 0-0 Be6 15. Nd4 Nxd4 16. Bxd4 Nc6 17. Bc3 g5 18. Bb5 Ne7 19. f3 Ng6 20. g3 Rg8 21. Kf2 a6 22. Be2 Re8 23. Ke3 Kc8 24. f4 gxf4+ 25. gxf4 Bd7 26. Rg1 b5 27. Bd4 Kb7 28. Bh5 Rc8 29. Bc5 Be8 30. e6 Kc6 31. b4 Nxf4 32. exf7 1-0

[Event "Oberpfalz-ch M2"]
[Site "Kareth Lappersdorf"]
[Date "2008.03.17"]
[Round "5"]
[White "Kues, Manuel"]
[Black "Hessler, Markus"]
[Result "1-0"]
[WhiteElo "1759"]
[BlackElo "1689"]
[PlyCount "55"]
[EventDate "2008.03.15"]
[EventType "swiss"]
[EventRounds "8"]
[EventCountry "GER"]
[SourceTitle "EXT 2022"]
[Source "ChessBase"]
[SourceDate "2021.10.06"]
[SourceVersion "1"]
[SourceVersionDate "2021.10.06"]
[SourceQuality "1"]

1. e4 e6 2. d4 d5 3. e5 c5 4. c3 Nc6 5. Nf3 Nge7 6. a3 cxd4 7. cxd4 Nf5 8. b4 Nh4 9. Bb2 Nxf3+ 10. Qxf3 f5 11. Nd2 a6 12. Nb3 Qh4 13. Bd3 Bd7 14. g3 Qd8 15. g4 fxg4 16. Qxg4 Qe7 17. Nc5 0-0-0 18. Qe2 Kb8 19. Bxa6 Bc8 20. Rc1 Nxd4 21. Bxd4 bxa6 22. Nxa6+ Bxa6 23. Qxa6 Qb7 24. Qxe6 Bxb4+ 25. axb4 Qxb4+ 26. Ke2 Qxd4 27. Rb1+ Ka7 28. Qe7+ 1-0

[Event "Oberpfalz-ch M2"]
[Site "Kareth Lappersdorf"]
[Date "2008.03.15"]
[Round "2"]
[White "Rotter, Christian"]
[Black "Hessler, Markus"]
[Result "1-0"]
[WhiteElo "1794"]
[BlackElo "1689"]
[PlyCount "105"]
[EventDate "2008.03.15"]
[EventType "swiss"]
[EventRounds "8"]
[EventCountry "GER"]
[SourceTitle "EXT 2022"]
[Source "ChessBase"]
[SourceDate "2021.10.06"]
[SourceVersion "1"]
[SourceVersionDate "2021.10.06"]
[SourceQuality "1"]

1. d4 e6 2. e4 d5 3. exd5 exd5 4. Be2 Nf6 5. Nf3 Be7 6. Nc3 0-0 7. Bf4 c6 8. Qd2 Bf5 9. 0-0 Bb4 10. Bg5 Nbd7 11. a3 Bd6 12. Nh4 Be6 13. Bf4 Qc7 14. Bxd6 Qxd6 15. f4 Ne4 16. Nxe4 dxe4 17. f5 e3 18. Qxe3 Bd5 19. Bd3 Rfe8 20. Qf4 Qxf4 21. Rxf4 f6 22. Kf2 Nb6 23. b3 Kf8 24. c4 Bf7 25. Re1 Rxe1 26. Kxe1 a5 27. a4 Rd8 28. Ke2 Na8 29. Nf3 Nc7 30. Nd2 Rb8 31. g4 Rd8 32. h3 Rb8 33. Kd1 Rd8 34. Kc2 Na6 35. Kc3 Nb4 36. Bb1 b5 37. axb5 cxb5 38. Re4 Rc8 39. Bd3 Na2+ 40. Kb2 Nb4 41. Be2 bxc4 42. Bxc4 Rc7 43. h4 h6 44. h5 Rc8 45. Ka3 Be8 46. Nf3 Bc6 47. d5 Nxd5 48. Nd4 Ne7 49. Nxc6 Nxc6 50. Ka4 Ne7 51. Kxa5 Ng6 52. fxg6 f5 53. Rf4 1-0

[Event "Oberpfalz-ch M2"]
[Site "Windischeschenbach"]
[Date "2007.04.02"]
[Round "5"]
[White "Betz, Michael"]
[Black "Hessler, Markus"]
[Result "1/2-1/2"]
[WhiteElo "1839"]
[BlackElo "1675"]
[PlyCount "32"]
[EventDate "2007.03.31"]
[EventType "swiss"]
[EventRounds "8"]
[EventCountry "GER"]
[SourceTitle "EXT 2022"]
[Source "ChessBase"]
[SourceDate "2021.10.06"]
[SourceVersion "1"]
[SourceVersionDate "2021.10.06"]
[SourceQuality "1"]

1. e4 e6 2. d4 d5 3. Nc3 Nf6 4. Bg5 Bb4 5. Nge2 dxe4 6. a3 Be7 7. Bxf6 gxf6 8. Nxe4 f5 9. N4c3 b6 10. Nf4 c6 11. Bc4 Bf6 12. Nce2 0-0 13. Qd3 Kh8 14. 0-0-0 a5 15. c3 Ba6 16. Bxa6 Nxa6 1/2-1/2

[Event "Oberpfalz-ch M2"]
[Site "Windischeschenbach"]
[Date "2007.04.02"]
[Round "6"]
[White "Enders, Christian"]
[Black "Hessler, Markus"]
[Result "1-0"]
[WhiteElo "1766"]
[BlackElo "1675"]
[PlyCount "54"]
[EventDate "2007.03.31"]
[EventType "swiss"]
[EventRounds "8"]
[EventCountry "GER"]
[SourceTitle "EXT 2022"]
[Source "ChessBase"]
[SourceDate "2021.10.06"]
[SourceVersion "1"]
[SourceVersionDate "2021.10.06"]
[SourceQuality "1"]

1. d4 e6 2. c4 f5 3. Nc3 Nf6 4. Bg5 Be7 5. Nf3 d5 6. e3 c6 7. Bd3 0-0 8. Qc2 Ne4 9. Bxe7 Qxe7 10. 0-0 Nd7 11. Rab1 Kh8 12. b4 Rg8 13. b5 g5 14. bxc6 bxc6 15. cxd5 Nxc3 16. Qxc3 cxd5 17. Qc7 Re8 18. Bb5 Nf6 19. Qxe7 Rxe7 20. Bc6 Ba6 21. Bxa8 Bxf1 22. Kxf1 Ne4 23. Rb8+ Kg7 24. Rb7 Kf6 25. Rxe7 Kxe7 26. Ne5 Nc3 27. a3 Kd6 1-0

[Event "Oberpfalz-ch M2"]
[Site "Windischeschenbach"]
[Date "2007.04.01"]
[Round "4"]
[White "Hessler, Markus"]
[Black "Buecherl, Konstantin"]
[Result "1/2-1/2"]
[WhiteElo "1675"]
[BlackElo "1991"]
[PlyCount "37"]
[EventDate "2007.03.31"]
[EventType "swiss"]
[EventRounds "8"]
[EventCountry "GER"]
[SourceTitle "EXT 2022"]
[Source "ChessBase"]
[SourceDate "2021.10.06"]
[SourceVersion "1"]
[SourceVersionDate "2021.10.06"]
[SourceQuality "1"]

1. e4 c5 2. Nf3 e6 3. d4 cxd4 4. Nxd4 a6 5. g3 b5 6. Bg2 Bb7 7. 0-0 Qc7 8. c3 d6 9. Be3 Nf6 10. Nd2 Nbd7 11. a4 bxa4 12. Qxa4 Be7 13. h3 0-0 14. f4 Rac8 15. Rae1 Nb6 16. Qc2 Nfd7 17. g4 Nc4 18. Nxc4 Qxc4 19. Qb3 1/2-1/2

[Event "Oberpfalz-ch M2"]
[Site "Windischeschenbach"]
[Date "2007.04.01"]
[Round "3"]
[White "Hessler, Markus"]
[Black "Stark, Martin"]
[Result "0-1"]
[WhiteElo "1675"]
[BlackElo "1754"]
[PlyCount "84"]
[EventDate "2007.03.31"]
[EventType "swiss"]
[EventRounds "8"]
[EventCountry "GER"]
[SourceTitle "EXT 2022"]
[Source "ChessBase"]
[SourceDate "2021.10.06"]
[SourceVersion "1"]
[SourceVersionDate "2021.10.06"]
[SourceQuality "1"]

1. e4 c5 2. Nc3 d6 3. f4 Nc6 4. Bb5 Bd7 5. Bxc6 Bxc6 6. Nf3 g6 7. 0-0 Bg7 8. d3 e6 9. Qe1 Ne7 10. Kh1 d5 11. f5 gxf5 12. exf5 Nxf5 13. Bg5 Qc7 14. Nh4 Nxh4 15. Qxh4 h6 16. Bf6 Bxf6 17. Qxf6 Rh7 18. Rae1 Qe7 19. Qe5 0-0-0 20. a4 Qg5 21. d4 Qxe5 22. dxe5 Rg8 23. Nb5 Bxb5 24. axb5 Kc7 25. Rf2 Rg5 26. h4 Rg4 27. Ref1 Rxh4+ 28. Kg1 Re4 29. Rxf7+ Rxf7 30. Rxf7+ Kb6 31. Rh7 Rxe5 32. Rxh6 Kxb5 33. Kf2 Rf5+ 34. Ke3 d4+ 35. Ke4 Rg5 36. Kf3 e5 37. g4 e4+ 38. Kf4 Rg7 39. Re6 e3 40. Kf5 Rf7+ 41. Kg6 Rf2 42. c3 e2 0-1

[Event "Nittenau-ch 7th"]
[Site "Nittenau"]
[Date "2007.??.??"]
[Round "1"]
[White "Karl, Thomas"]
[Black "Hessler, Markus"]
[Result "0-1"]
[WhiteElo "820"]
[BlackElo "1709"]
[PlyCount "96"]
[EventDate "2007.??.??"]
[EventType "swiss"]
[EventRounds "5"]
[EventCountry "GER"]
[SourceTitle "EXT 2010"]
[Source "ChessBase"]
[SourceDate "2010.11.25"]
[SourceVersion "1"]
[SourceVersionDate "2010.11.25"]
[SourceQuality "1"]

1. e4 e6 2. Nf3 d5 3. exd5 exd5 4. d4 Nf6 5. Nc3 Be7 6. Bf4 c6 7. Bd3 Bg4 8. h3 Bh5 9. g4 Bg6 10. h4 Nxg4 11. Ne5 Nxe5 12. Bxe5 Bf6 13. Bxf6 Qxf6 14. Qe2+ Qe7 15. Qxe7+ Kxe7 16. 0-0-0 Re8 17. Bxg6 fxg6 18. Rde1+ Kf7 19. Rxe8 Kxe8 20. Re1+ Kf7 21. f4 Nd7 22. b4 Nf6 23. Rg1 Re8 24. Kd2 Ne4+ 25. Nxe4 Rxe4 26. Kd3 Rxf4 27. Rh1 Kf6 28. Ke3 Kf5 29. h5 Re4+ 30. Kd3 gxh5 31. Rxh5+ Kg6 32. Re5 Rxe5 33. dxe5 Kf5 34. Kd4 h5 35. a4 h4 36. e6 Kxe6 37. Ke3 g5 38. Kf3 Kf5 39. b5 g4+ 40. Kg2 Kf4 41. bxc6 bxc6 42. Kh1 Kf3 43. Kg1 g3 44. Kh1 h3 45. Kg1 g2 46. Kh2 Kf2 47. Kxh3 g1Q 48. c3 Qg3# 0-1

[Event "Nittenau-ch 7th"]
[Site "Nittenau"]
[Date "2007.??.??"]
[Round "5"]
[White "Rieger, Alexandra"]
[Black "Hessler, Markus"]
[Result "1/2-1/2"]
[WhiteElo "1574"]
[BlackElo "1709"]
[PlyCount "25"]
[EventDate "2007.??.??"]
[EventType "swiss"]
[EventRounds "5"]
[EventCountry "GER"]
[SourceTitle "EXT 2010"]
[Source "ChessBase"]
[SourceDate "2010.11.25"]
[SourceVersion "1"]
[SourceVersionDate "2010.11.25"]
[SourceQuality "1"]

1. e4 e6 2. b3 d5 3. Bb2 Nf6 4. exd5 exd5 5. Qe2+ Qe7 6. Bxf6 gxf6 7. Nc3 Be6 8. g3 c6 9. Nh3 Nd7 10. Nf4 Ne5 11. Bg2 Bg4 12. Nfxd5 cxd5 13. Qb5+ 1/2-1/2